| 000 | 00920 a2200229 4500 | ||
|---|---|---|---|
| 020 | _a0471749222 (hbk.) | ||
| 020 | _a9780471749226 | ||
| 035 | _a(OCoLC)ocm61425189 | ||
| 040 |
_aDLC _bDLC |
||
| 100 | 1 | _aLin, Yi-Bing, | |
| 245 | 1 | 0 |
_aWireless and mobile all-IP networks _cYi-Bing Lin and Ai-Chun Pang |
| 260 |
_aIndianapolis, IN : _bWiley, _cc2005. |
||
| 300 |
_axxiii, 504 p. : _bill. ; _c25 cm. |
||
| 650 | 0 | _aWireless communication systems. | |
| 650 | 0 | _aMobile communication systems. | |
| 650 | 0 | _aComputer network protocols. | |
| 700 | 1 | _aPang, Ai-Chun. | |
| 856 | 4 | 2 |
_3Contributor biographical information _uhttp://www.loc.gov/catdir/enhancements/fy0653/2006282113-b.html |
| 856 | 4 | 2 |
_3Publisher description _uhttp://www.loc.gov/catdir/enhancements/fy0653/2006282113-d.html |
| 856 | 4 | 2 |
_3Table of contents only _uhttp://www.loc.gov/catdir/enhancements/fy0902/2006282113-t.html |
| 942 |
_cBK _k621.382 LIN _2ddc |
||
| 999 |
_c8169 _d8169 |
||